00627 2200241 4500001002100000005001500021008004100036020002200077035001900099041000700118082001000125090001600135100002000151700002500171245002700196250001000223260003100233300002500264650002100289990002500310990002500335990002500360INLIS00000000002481620241224131810241224||||||||| | ||| |||| || |  a978-979-045-806-2 0010-1224024816 aid0 a741.5 a741.5 ANI t0 aAnisa Widiyarti0 apenyunting: Hariyadi00aTak selalu ayam goreng acet.1 aSolobTiga Serangkaic2015 a32 hlm.:ilus.;20 cm. 0acerita bergambar a05.17.01.01.010.0677 a05.17.01.01.010.0676 a05.17.01.01.010.0677